• 首页
  • 本馆介绍
  • 公告通知
  • 最新文献
  • 馆藏检索
  • 电子资源
  • 读者导购
  • 参考咨询
  • 我的图书馆
  • 登录
  • 详细信息显示
  • 放入我的书架
  • 预约/预借图书
  • 作者相关作品
  • 分类相关作品
  • 丛书相关作品
  • 出版社相关作品

书目信息

  • 表格格式
  • 工作单格式
  • 卡片格式
题名:
组合几何
    
 
作者: 单墫 著
分册:  
出版信息: 上海   上海教育出版社  1996
页数: 241页
开本: 20cm
丛书名:
单 册:
中图分类: O157.3
科图分类:
主题词: 代数 , 数论 , 组合数学
电子资源:
ISBN: 7-5320-4772-5
000 00521nam0 2200205 450
001 0732828906
005 20070903090708.90
010    @a7-5320-4772-5@d¥6.70
100    @a20070903d km y0chiy0120 ea
101 0  @achi
200 1  @a组合几何@Azu he ji he@f单墫著@Fdan zun zhu
210    @a上海@c上海教育出版社@d1996
215    @a241页@d20cm
606 0  @a代数
606 0  @a数论
606 0  @a组合数学
690    @aO157.3@v3
701  0 @a单墫@Adan zun@4著
801  0 @aCN@bPFT@c20070903
905    @a213230@dO157.3@eS133@f1
    
    组合几何/单墫著.-上海:上海教育出版社,1996
    241页;20cm
    
    
    ISBN 7-5320-4772-5:¥6.70
    
●
相关链接 在E读中查询图书 在五车中查询图书 在当当中查询图书 在豆瓣中查询图书


正题名:组合几何     索取号:O157.3/S133         预约/预借

序号 登录号 条形码 馆藏地/架位号 状态 备注
1 6701484   267014848   密集书库-数信学院/ [索取号:O157.3/S133] 在馆    
2 6701485   267014857   密集书库-数信学院/ [索取号:O157.3/S133] 在馆    
唐山师范学院图书馆 欢迎您!
大连网信软件有限公司© 版权所有